000 00443nam a2200169Ia 4500
001 35685
003 Ost
005 20260507160532.0
008 251113s9999||||xx |||||||||||||| ||eng||
040 _cnitttr
041 _aeng
082 _aTK7871.6
100 _aJha, Kumud Ranjan
245 0 _aTerahertz Planar Antennas for Next Generation Communication /
_cJha, Kumud Ranjan, Singh, Ghanshyam
700 _a Singh, Ghanshyam
942 _cBK
999 _c33172
_d33172